| 000 | 00512nam a2200181Ia 4500 | ||
|---|---|---|---|
| 003 | GCL | ||
| 008 | 140319s9999 xx 000 0 ara d | ||
| 040 |
_aGCL / _cGCL |
||
| 082 | 0 | 4 |
_aد _b050 |
| 100 | 1 | _aانيس منصور | |
| 245 | 1 | 0 |
_aمع الآخرين ( اقرا 279 ) / _cانيس منصور |
| 300 | _a158 | ||
| 490 |
_aاقرأ _v0 |
||
| 650 | 0 | 4 | _aالادب العربى - مقالات |
| 650 | 0 | 4 | _aالمقالات الادبية |
| 650 | 0 | 4 | _aالمذكرات الادبية |
| 942 |
_2ddc _cBK |
||
| 999 |
_c48915 _d48915 |
||